000 00239nam a22001217a 4500
003 SGT
082 _a348
_bBAR
100 _aBARE ACT
245 _aTHE OATHS ACT 1969
260 _aGURGAON
_bUNIVERSAL
_c2022
300 _a6
942 _2ddc
_cBK
999 _c22979
_d22979